GARIS PANDUAN TADBIR URUS PENDIGITALAN JMG.GP.37 (Record no. 26702)

000 -LEADER
fixed length control field 00600nam a22001577a 4500
008 - FIXED-LENGTH DATA ELEMENTS--GENERAL INFORMATION
fixed length control field 250828b ||||| |||| 00| 0 eng d
020 ## - INTERNATIONAL STANDARD BOOK NUMBER
International Standard Book Number 9786299896586
082 04 - DEWEY DECIMAL CLASSIFICATION NUMBER
Classification number 004
245 00 - TITLE STATEMENT
Title GARIS PANDUAN TADBIR URUS PENDIGITALAN JMG.GP.37
260 ## - PUBLICATION, DISTRIBUTION, ETC.
Place of publication, distribution, etc. Putrajaya :
Name of publisher, distributor, etc. Jabatan Mineral dan Geosains Malaysia,
Date of publication, distribution, etc. 2025
300 ## - PHYSICAL DESCRIPTION
Extent 57 pages :
Other physical details some colour illustrations ;
Dimensions 30 cm
500 ## - GENERAL NOTE
General note Dalam Proses Pengkatalogan
650 10 - SUBJECT ADDED ENTRY--TOPICAL TERM
General subdivision Information technology
Chronological subdivision Handbooks, manuals, etc.
650 20 - SUBJECT ADDED ENTRY--TOPICAL TERM
General subdivision Computer-assisted instruction
Chronological subdivision Handbooks, manuals, etc.
942 ## - ADDED ENTRY ELEMENTS (KOHA)
Source of classification or shelving scheme
Edition 23
Classification part 004 GAR
Holdings
Withdrawn status Lost status Source of classification or shelving scheme Damaged status Not for loan Collection code Permanent Location Current Location Date acquired Total Checkouts Full call number Barcode Date last seen Price effective from Koha item type
Available         Open Shelf JMG IBUPEJABAT JMG IBUPEJABAT 28/08/2025   004 GAR GP00000037 28/08/2025 28/08/2025 Books